Carregant...

Assessment of paraatenic hostsin the transmission of ancycostoma caninum to days

Dades bibliogràfiques
Autor principal: D deena antony
Format: Printed Book
Idioma:Undetermined
Publicat: College of veterinary and animal sciences 1997
Mannuthy
LEADER 00670nam a2200217Ia 4500
008 141122s9999 xx 000 0 und d
040 |c . 
041 |a English 
082 |a 636.7089 
082 |b DEE/AS 
100 |a D deena antony 
245 |a Assessment of paraatenic hostsin the transmission of ancycostoma caninum to days 
245 |c D deena antony 
260 |b College of veterinary and animal sciences 
260 |b Mannuthy 
260 |c 1997 
300 |a 50 Pages 
500 |a Reference 
942 |c REF 
999 |c 772  |d 772 
952 |0 0  |1 0  |4 0  |6 636_708900000000000_DEEAS  |7 0  |9 767  |a COVAS  |b COVAS  |d 0000-00-00  |o 636.7089 DEE/AS  |p 15699  |r 2014-11-26  |w 2014-11-26  |y REF